Lanean...
Oscillations and waves
| Egile nagusia: | |
|---|---|
| Formatua: | Printed Book |
| Argitaratua: |
Boston
Adam Hilger
1985
|
| Edizioa: | I |
| Gaiak: |
| LEADER | 00484nam a22001577a 4500 | ||
|---|---|---|---|
| 020 | |a 0852747934 | ||
| 082 | |a 531.1133 |b BUC | ||
| 100 | |a Buckley,R | ||
| 245 | |a Oscillations and waves | ||
| 250 | |a I | ||
| 260 | |a Boston |b Adam Hilger |c 1985 | ||
| 300 | |a vi,56 | ||
| 650 | |a Oscillations |a waves | ||
| 942 | |c BK | ||
| 999 | |c 128103 |d 128099 | ||
| 952 | |0 0 |1 0 |4 0 |6 531_113300000000000_BUC |7 0 |8 NFIC |9 126451 |a SPAP |b SPAP |c GEN |d 2017-08-10 |e Allied |g 53.70 |l 0 |o 531.1133 BUC |p SPAP 373 |r 2017-08-10 |w 2017-08-10 |y BK | ||